[Event "Icelandic Team Championship 2019-21 - 1s"]
[Site "Reykjavik (round 1-5) and Self"]
[Date "2021.05.15"]
[Round "8.4"]
[White "Thorhallsson, Simon"]
[Black "Ottesen, Oddgeir"]
[Result "1-0"]
[WhiteElo "2197"]
[BlackElo "1765"]
[PlyCount "63"]
[EventDate "2019.10.03"]
[WhiteTeam "Skákfélag Akureyrar"]
[BlackTeam "Skákfélag Selfoss og nágrennis"]

1. d4 {[%emt 0:00:00]} Nf6 {[%emt 0:00:00]} 2. c4 {[%emt 0:00:00]} g6 {[%emt 0:
00:00]} 3. f3 {[%emt 0:00:00]} Bg7 {[%emt 0:00:00]} 4. e4 {[%emt 0:00:00]} d6 {
[%emt 0:00:00]} 5. Nc3 {[%emt 0:00:00]} Nbd7 {[%emt 0:00:00]} 6. Be3 {[%emt 0:
00:00]} O-O {[%emt 0:00:00]} 7. Qd2 {[%emt 0:00:00]} e5 {[%emt 0:00:00]} 8.
Nge2 {[%emt 0:00:00]} b6 {[%emt 0:00:00]} 9. d5 {[%emt 0:00:00]} Ne8 {[%emt 0:
00:00]} 10. g4 {[%emt 0:00:00]} f5 {[%emt 0:00:00]} 11. gxf5 {[%emt 0:00:00]}
gxf5 {[%emt 0:00:00]} 12. Bg5 {[%emt 0:00:00]} Bf6 {[%emt 0:00:00]} 13. Rg1 {
[%emt 0:00:00]} Kh8 {[%emt 0:00:00]} 14. exf5 {[%emt 0:00:00]} Nc5 {[%emt 0:00:
00]} 15. Ne4 {[%emt 0:00:00]} Bxf5 {[%emt 0:00:00]} 16. h4 {[%emt 0:00:00]}
Nxe4 {[%emt 0:00:00]} 17. fxe4 {[%emt 0:00:00]} Bxg5 {[%emt 0:00:00]} 18. hxg5
{[%emt 0:00:00]} Bxe4 {[%emt 0:00:00]} 19. Nc3 {[%emt 0:00:00]} Bg6 {[%emt 0:
00:00]} 20. Bd3 {[%emt 0:00:00]} Ng7 {[%emt 0:00:00]} 21. Bxg6 {[%emt 0:00:00]}
hxg6 {[%emt 0:00:00]} 22. Ne4 {[%emt 0:00:00]} Nh5 {[%emt 0:00:00]} 23. Nf6 {
[%emt 0:00:00]} Kg7 {[%emt 0:00:00]} 24. Nxh5+ {[%emt 0:00:57]} gxh5 {[%emt 0:
00:00]} 25. Qe2 {[%emt 0:02:43]} Rh8 {[%emt 0:00:00]} 26. O-O-O {[%emt 0:00:13]
} Qe7 {[%emt 0:00:00]} 27. Rdf1 {[%emt 0:00:12]} Raf8 {[%emt 0:00:00]} 28. Rf6
{[%emt 0:00:18]} Rf7 {[%emt 0:00:00]} 29. Qe4 {[%emt 0:00:58]} Kg8 {[%emt 0:00:
00]} 30. Qg6+ {[%emt 0:04:34]} Rg7 {[%emt 0:00:00]} 31. Qf5 {[%emt 0:00:18]}
Rhh7 {[%emt 0:00:00]} 32. Qc8+ {[%emt 0:00:08]} 1-0

[Event "Icelandic Team Championship 2019-21 - 1s"]
[Site "Reykjavik (round 1-5) and Self"]
[Date "2021.05.15"]
[Round "8.4"]
[White "Magnusson, Thorsteinn"]
[Black "Teitsson, Magnus"]
[Result "0-1"]
[WhiteElo "1629"]
[BlackElo "2124"]
[PlyCount "98"]
[EventDate "2019.10.03"]
[WhiteTeam "Skákfélag Selfoss og nágrennis"]
[BlackTeam "Skákfélag Akureyrar"]

1. e4 {[%emt 0:00:00]} c5 {[%emt 0:00:00]} 2. Nc3 {[%emt 0:00:00]} e6 {[%emt 0:
00:00]} 3. f4 {[%emt 0:00:00]} d5 {[%emt 0:00:00]} 4. Bb5+ {[%emt 0:00:00]} Bd7
{[%emt 0:00:00]} 5. Bxd7+ {[%emt 0:00:00]} Qxd7 {[%emt 0:00:00]} 6. d3 {
[%emt 0:00:00]} Ne7 {[%emt 0:00:00]} 7. Nf3 {[%emt 0:00:00]} Nec6 {[%emt 0:00:
00]} 8. O-O {[%emt 0:00:00]} d4 {[%emt 0:00:00]} 9. Ne2 {[%emt 0:00:00]} Be7 {
[%emt 0:00:00]} 10. Ng3 {[%emt 0:00:00]} f5 {[%emt 0:00:00]} 11. e5 {[%emt 0:
00:00]} g6 {[%emt 0:00:00]} 12. Bd2 {[%emt 0:00:00]} Na6 {[%emt 0:00:00]} 13.
a3 {[%emt 0:00:00]} h6 {[%emt 0:00:00]} 14. Ne2 {[%emt 0:00:00]} O-O-O {
[%emt 0:00:00]} 15. Qe1 {[%emt 0:00:00]} g5 {[%emt 0:00:00]} 16. fxg5 {[%emt 0:
00:00]} hxg5 {[%emt 0:00:00]} 17. Bxg5 {[%emt 0:00:00]} Bxg5 {[%emt 0:00:00]}
18. Nxg5 {[%emt 0:00:00]} Nc7 {[%emt 0:00:00]} 19. Nf4 {[%emt 0:00:00]} Rdg8 {
[%emt 0:00:00]} 20. Nf3 {[%emt 0:00:00]} Rg4 {[%emt 0:00:00]} 21. g3 {[%emt 0:
00:00]} Qg7 {[%emt 0:00:00]} 22. Kf2 {[%emt 0:00:00]} Qh6 {[%emt 0:00:00]} 23.
Rg1 {[%emt 0:00:00]} Rxf4 {[%emt 0:00:00]} 24. gxf4 {[%emt 0:00:00]} Nd5 {
[%emt 0:00:00]} 25. Rg3 {[%emt 0:00:00]} Qxf4 {[%emt 0:00:00]} 26. Qg1 {
[%emt 0:00:00]} Kc7 {[%emt 0:00:00]} 27. Kg2 {[%emt 0:01:24]} Ne3+ {[%emt 0:00:
00]} 28. Kh1 {[%emt 0:00:43]} Nxe5 {[%emt 0:00:00]} 29. Nxe5 {[%emt 0:02:16]}
Qxe5 {[%emt 0:00:00]} 30. Rg7+ {[%emt 0:06:01]} Kb6 {[%emt 0:00:00]} 31. Re1 {
[%emt 0:01:09]} Qd5+ {[%emt 0:00:00]} 32. Rg2 {[%emt 0:00:15]} Rg8 {[%emt 0:01:
29]} 33. Ree2 {[%emt 0:00:57]} Nxg2 {[%emt 0:02:39]} 34. Rxg2 {[%emt 0:00:19]}
Kc6 {[%emt 0:02:07]} 35. Qf1 {[%emt 0:00:33]} Rxg2 {[%emt 0:00:59]} 36. Qxg2 {
[%emt 0:00:08]} Qxg2+ {[%emt 0:00:13]} 37. Kxg2 {[%emt 0:00:04]} Kd6 {[%emt 0:
00:43]} 38. Kf3 {[%emt 0:00:25]} Ke7 {[%emt 0:00:11]} 39. Kf4 {[%emt 0:02:06]}
Kf6 {[%emt 0:00:07]} 40. Kf3 {[%emt 0:02:08]} e5 {[%emt 0:00:16]} 41. Kf2 {
[%emt 0:00:51]} Kg5 {[%emt 0:00:12]} 42. Kg3 {[%emt 0:00:14]} e4 {[%emt 0:00:
29]} 43. Kg2 {[%emt 0:01:27]} Kh4 {[%emt 0:00:21]} 44. b4 {[%emt 0:00:56]} b6 {
[%emt 0:00:34]} 45. bxc5 {[%emt 0:00:25]} bxc5 {[%emt 0:00:08]} 46. a4 {
[%emt 0:00:24]} e3 {[%emt 0:00:15]} 47. a5 {[%emt 0:00:17]} a6 {[%emt 0:00:14]}
48. Kg1 {[%emt 0:00:34]} Kh3 {[%emt 0:00:18]} 49. Kh1 {[%emt 0:00:18]} e2 {
[%emt 0:03:55]} 0-1

[Event "Icelandic Team Championship 2019-21 - 1s"]
[Site "Reykjavik (round 1-5) and Self"]
[Date "2021.05.15"]
[Round "8.5"]
[White "Runarsson, Gunnar"]
[Black "Jonsson, Gauti Pall"]
[Result "1/2-1/2"]
[WhiteElo "1946"]
[BlackElo "2081"]
[PlyCount "113"]
[EventDate "2019.10.03"]
[WhiteTeam "Víkingaklúbburinn b-sveit"]
[BlackTeam "Taflfélag Reykjavíkur b-sveit"]

1. d4 d6 2. c4 e5 3. dxe5 dxe5 4. Qxd8+ Kxd8 5. Nf3 f6 6. e3 c6 7. Be2 Kc7 8.
O-O Be6 9. b3 Nd7 10. Ba3 Bxa3 11. Nxa3 Ne7 12. Rfd1 Rhd8 13. Nb1 a5 14. Nc3
Nc5 15. Kf1 Bf5 16. Nh4 Bd3 17. Bxd3 Nxd3 18. Ke2 Nc5 19. Nf3 Nf5 20. Rxd8 Rxd8
21. Rd1 Rxd1 22. Kxd1 Nd6 23. Nd2 Kd7 24. Ke2 Ke6 25. f3 b5 26. cxb5 cxb5 27.
e4 b4 28. Nd1 Nb5 29. Nc4 a4 30. bxa4 Nd4+ 31. Kd2 Nxa4 32. Nce3 Kd6 33. Kd3
Kc5 34. h4 Kb5 35. h5 h6 36. Nd5 Nc5+ 37. Kd2 Ka4 38. Nb2+ Ka3 39. Nd3 Nxd3 40.
Kxd3 Ne6 41. Kc4 Kxa2 42. Nxb4+ Kb2 43. g3 Ng5 44. f4 exf4 45. gxf4 Nxe4 46.
Kd4 Ng3 47. Ke3 Nxh5 48. Kf3 f5 49. Nc6 g5 50. fxg5 hxg5 51. Ne7 g4+ 52. Ke3
f4+ 53. Ke4 Kc2 54. Nd5 g3 55. Kf3 Kd2 56. Nxf4 Nxf4 57. Kxg3 1/2-1/2

[Event "Icelandic Team Championship 2019-21 - 1s"]
[Site "Reykjavik (round 1-5) and Self"]
[Date "2021.05.15"]
[Round "8.5"]
[White "Bjarnason, Saevar"]
[Black "Haraldsson, Sigurjon"]
[Result "1-0"]
[WhiteElo "2046"]
[BlackElo "1847"]
[PlyCount "117"]
[EventDate "2019.10.03"]
[WhiteTeam "Taflfélag Reykjavíkur b-sveit"]
[BlackTeam "Víkingaklúbburinn b-sveit"]

1. d4 Nf6 2. c4 g6 3. Nc3 Bg7 4. e4 d6 5. Nf3 O-O 6. Be2 e5 7. dxe5 dxe5 8.
Qxd8 Rxd8 9. Bg5 Re8 10. O-O-O c6 11. h3 h6 12. Be3 Be6 13. Nd2 Nbd7 14. c5 b5
15. cxb6 axb6 16. Bc4 b5 17. Bxe6 Rxe6 18. a3 Bf8 19. Nb3 Kg7 20. g4 c5 21. Nd5
Ra4 22. f3 b4 23. axb4 cxb4 24. Nxf6 Nxf6 25. h4 Ra8 26. Kb1 Ne8 27. Rd7 Re7
28. Rhd1 Rxd7 29. Rxd7 Kg8 30. Nd2 Rc8 31. g5 hxg5 32. hxg5 Ng7 33. Rd5 Ne6 34.
Rxe5 Rd8 35. Kc2 Nd4+ 36. Bxd4 Rxd4 37. Rd5 b3+ 38. Kxb3 Rb4+ 39. Kc2 Rb8 40.
b3 Ra8 41. Nc4 Ra2+ 42. Kd3 Rf2 43. Ke3 Rc2 44. Rd2 Rc1 45. e5 Bb4 46. Rd3 Be7
47. f4 Re1+ 48. Kf2 Re4 49. Kf3 Re1 50. Nd6 Rf1+ 51. Ke4 Re1+ 52. Kd5 Ra1 53.
b4 Bd8 54. Kc5 Rc1+ 55. Kb5 Re1 56. Nxf7 Be7 57. Nd6 Bxg5 58. fxg5 Rxe5+ 59.
Kc6 1-0

[Event "Icelandic Team Championship 2019-21 - 1s"]
[Site "Reykjavik (round 1-5) and Self"]
[Date "2021.05.15"]
[Round "8.5"]
[White "Ingason, Sigurdur"]
[Black "Maack, Kjartan"]
[Result "1-0"]
[WhiteElo "1773"]
[BlackElo "2087"]
[PlyCount "91"]
[EventDate "2019.10.03"]
[WhiteTeam "Víkingaklúbburinn b-sveit"]
[BlackTeam "Taflfélag Reykjavíkur b-sveit"]

1. d4 e6 2. c4 f5 3. Nf3 Nf6 4. Bg5 d5 5. e3 c6 6. Nc3 h6 7. Bxf6 Qxf6 8. Ne5
g6 9. Be2 Rg8 10. Qb3 Bd6 11. f4 Rg7 12. O-O-O Nd7 13. h4 Qe7 14. Rdg1 Bxe5 15.
dxe5 g5 16. cxd5 exd5 17. hxg5 hxg5 18. Rh8+ Nf8 19. Bh5+ Kd8 20. Nxd5 Qc5+ 21.
Qc3 Qxc3+ 22. Nxc3 Ke7 23. Ne2 Be6 24. Nd4 Rd8 25. Nxe6 Nxe6 26. Rxd8 Kxd8 27.
g4 fxg4 28. f5 Nc5 29. Rd1+ Kc7 30. f6 Rd7 31. f7 Rxd1+ 32. Kxd1 Ne6 33. Bxg4
Nf8 34. Ke2 Ng6 35. Bf5 Nf8 36. Kf3 Kd8 37. Kg4 Ke7 38. e6 Kf6 39. e4 c5 40.
e5+ Ke7 41. Kxg5 c4 42. Kf4 b6 43. Ke4 a6 44. Kd4 b5 45. a4 c3 46. Kxc3 1-0

[Event "Icelandic Team Championship 2019-21 - 1s"]
[Site "Reykjavik (round 1-5) and Self"]
[Date "2021.05.15"]
[Round "8.5"]
[White "Petursson, Gudni"]
[Black "Thordarson, Sturla"]
[Result "0-1"]
[WhiteElo "2028"]
[BlackElo "1711"]
[PlyCount "50"]
[EventDate "2019.10.03"]
[WhiteTeam "Taflfélag Reykjavíkur b-sveit"]
[BlackTeam "Víkingaklúbburinn b-sveit"]

1. c4 Nf6 2. Nf3 e6 3. g3 c5 4. Bg2 Be7 5. O-O O-O 6. d4 cxd4 7. Nxd4 Nc6 8.
Nc3 d5 9. cxd5 Nxd5 10. Nxd5 exd5 11. Nxc6 bxc6 12. Qc2 Qd6 13. Bf4 Qg6 14. e4
Ba6 15. Rfd1 Rfd8 16. Rac1 d4 17. Qxc6 Qxc6 18. Rxc6 Be2 19. Rdc1 d3 20. Bd2
Rab8 21. b3 Bb4 22. Bf4 d2 23. Bxd2 Bxd2 24. R1c2 Bb5 25. Rc7 Ba5 0-1

[Event "Icelandic Team Championship 2019-21 - 1s"]
[Site "Reykjavik (round 1-5) and Self"]
[Date "2021.05.15"]
[Round "8.5"]
[White "Johannesson, Jon"]
[Black "Kjartansson, Olafur"]
[Result "1-0"]
[WhiteElo "1802"]
[BlackElo "1966"]
[PlyCount "51"]
[EventDate "2019.10.03"]
[WhiteTeam "Víkingaklúbburinn b-sveit"]
[BlackTeam "Taflfélag Reykjavíkur b-sveit"]

1. e4 c5 2. Nf3 d6 3. d4 cxd4 4. Nxd4 Nf6 5. Nc3 g6 6. Bc4 Bg7 7. Bb3 O-O 8. f3
Nc6 9. Be3 Bd7 10. Qd2 Re8 11. O-O-O Na5 12. h4 Rc8 13. Kb1 Nc4 14. Bxc4 Rxc4
15. g4 a6 16. h5 Qa5 17. hxg6 fxg6 18. g5 Nh5 19. f4 b5 20. f5 Be5 21. Rxh5
gxh5 22. g6 h4 23. Qe2 h6 24. Qh5 Bg7 25. Nb3 Qd8 26. Bxh6 1-0

[Event "Icelandic Team Championship 2019-21 - 1s"]
[Site "Reykjavik (round 1-5) and Self"]
[Date "2021.05.15"]
[Round "8.5"]
[White "Ingibergsson, Gunnar"]
[Black "Haile, Batel Goitom"]
[Result "0-1"]
[WhiteElo "1439"]
[BlackElo "1625"]
[PlyCount "42"]
[EventDate "2019.10.03"]
[WhiteTeam "Víkingaklúbburinn b-sveit"]
[BlackTeam "Taflfélag Reykjavíkur b-sveit"]

1. Nf3 d5 2. d4 e6 3. c4 Nf6 4. Nc3 h6 5. Bf4 Be7 6. e3 O-O 7. Bd3 c5 8. cxd5
Nxd5 9. Bg3 cxd4 10. exd4 Qb6 11. Rb1 Bb4 12. Qb3 Nc6 13. O-O Nxd4 14. Nxd4
Qxd4 15. Rbd1 Qc5 16. Ne4 Qb6 17. Bb1 f5 18. Nc3 Bxc3 19. Qxb6 axb6 20. bxc3 f4
21. c4 Nc3 0-1

[Event "Icelandic Team Championship 2019-21 - 1s"]
[Site "Reykjavik (round 1-5) and Self"]
[Date "2021.05.16"]
[Round "9.1"]
[White "Jonsson, Gauti Pall"]
[Black "Steingrimsson, Hedinn"]
[Result "0-1"]
[WhiteElo "2081"]
[BlackElo "2510"]
[PlyCount "70"]
[EventDate "2019.10.03"]
[WhiteTeam "Taflfélag Reykjavíkur b-sveit"]
[BlackTeam "Skákdeild Fjölnis"]

1. e4 c5 2. Nc3 d6 3. d4 cxd4 4. Qxd4 Nc6 5. Qd2 g6 6. b3 Bh6 7. f4 Nf6 8. Bb2
O-O 9. O-O-O e5 10. g3 Re8 11. Bg2 Nd4 12. Nge2 Bg4 13. Nxd4 Bxd1 14. Rxd1 exd4
15. Qxd4 Nh5 16. Nd5 Bg7 17. Qb4 Bxb2+ 18. Kxb2 Nf6 19. Nc3 Qe7 20. Qxd6 Qxd6
21. Rxd6 Ng4 22. e5 Rad8 23. Ne4 Kf8 24. c4 b6 25. b4 Ne3 26. c5 bxc5 27. bxc5
Nxg2 28. c6 Rb8+ 29. Kc3 Rec8 30. Nc5 Rb1 31. Nb3 Ne3 32. Kd4 Nf5+ 33. Kc5 Rb2
34. Na5 Rxa2 35. Nc4 Rc2 0-1

[Event "Icelandic Team Championship 2019-21 - 1s"]
[Site "Reykjavik (round 1-5) and Self"]
[Date "2021.05.16"]
[Round "9.1"]
[White "Ragnarsson, Dagur"]
[Black "Leosson, Torfi"]
[Result "1-0"]
[WhiteElo "2396"]
[BlackElo "2152"]
[PlyCount "69"]
[EventDate "2019.10.03"]
[WhiteTeam "Skákdeild Fjölnis"]
[BlackTeam "Taflfélag Reykjavíkur b-sveit"]

1. d4 d5 2. c4 e6 3. Nc3 Be7 4. Nf3 Nf6 5. Bf4 O-O 6. e3 Nbd7 7. Be2 c5 8. dxc5
Nxc5 9. O-O dxc4 10. Bxc4 Bd7 11. Ne5 Bc6 12. Nxc6 bxc6 13. Qc2 Nd5 14. Rfd1
Qb6 15. Be5 Bf6 16. Bxf6 Nxf6 17. Rac1 Rfd8 18. Be2 Rxd1+ 19. Nxd1 Nfd7 20. b3
Rc8 21. Nb2 Qb4 22. Rd1 Nf6 23. Kf1 Ncd7 24. Rd4 Qb8 25. Ba6 Rc7 26. Rd6 Qb6
27. Be2 g6 28. Na4 Qb7 29. Nc5 Nxc5 30. Rd8+ Kg7 31. Qxc5 Re7 32. Bf3 Nd5 33.
g4 Qb6 34. Rxd5 cxd5 35. Qxe7 1-0

[Event "Icelandic Team Championship 2019-21 - 1s"]
[Site "Reykjavik (round 1-5) and Self"]
[Date "2021.05.16"]
[Round "9.1"]
[White "Arnason, Arni A."]
[Black "Bjornsson, Sigurbjorn"]
[Result "1/2-1/2"]
[WhiteElo "2117"]
[BlackElo "2327"]
[PlyCount "130"]
[EventDate "2019.10.03"]
[WhiteTeam "Taflfélag Reykjavíkur b-sveit"]
[BlackTeam "Skákdeild Fjölnis"]

1. d4 Nf6 2. Nf3 g6 3. Bf4 Bg7 4. e3 O-O 5. Be2 d6 6. h3 c5 7. c3 b6 8. O-O Bb7
9. Nbd2 Nbd7 10. a4 a6 11. Qb3 e5 12. dxe5 dxe5 13. Bg5 e4 14. Nh2 Ne5 15. Rad1
Qc7 16. Nc4 Nxc4 17. Bxc4 Bc6 18. Ng4 Nxg4 19. hxg4 Qb7 20. Rd6 b5 21. axb5
axb5 22. Bd5 c4 23. Qd1 Bxd5 24. Qxd5 Qxd5 25. Rxd5 b4 26. Be7 bxc3 27. bxc3
Rfc8 28. Bb4 Rd8 29. Rfd1 Bf6 30. Kf1 Kg7 31. Ke2 Bh4 32. f3 Ra2+ 33. R5d2
Raxd2+ 34. Rxd2 Rd3 35. fxe4 Rxd2+ 36. Kxd2 Kf6 37. Ke2 Ke5 38. Kf3 Be1 39. Ba5
Bh4 40. Bb6 Bg5 41. Bd4+ Ke6 42. Ke2 Be7 43. Kf3 Bg5 44. Bb6 Ke5 45. Bd4+ Ke6
46. e5 Kd5 47. e4+ Ke6 48. Kg3 Bd8 49. Kf4 h6 50. Kf3 Bc7 51. Kf4 f6 52. Ke3
Bxe5 53. Kd2 Kd6 54. Ke2 Kd7 55. Kf3 Ke6 56. Ke2 Kd7 57. Kf3 Ke6 58. Ke2 Bf4
59. Kf3 Bd6 60. Ke2 Be5 61. Ke3 Kd6 62. Ke2 Kc6 63. Ke3 Kb5 64. Kd2 Ka4 65. Kc2
Kb5 1/2-1/2

[Event "Icelandic Team Championship 2019-21 - 1s"]
[Site "Reykjavik (round 1-5) and Self"]
[Date "2021.05.16"]
[Round "9.1"]
[White "Johannesson, Oliver"]
[Black "Briem, Stefan"]
[Result "1-0"]
[WhiteElo "2238"]
[BlackElo "2068"]
[PlyCount "57"]
[EventDate "2019.10.03"]
[WhiteTeam "Skákdeild Fjölnis"]
[BlackTeam "Taflfélag Reykjavíkur b-sveit"]

1. d4 f5 2. Bg5 Nf6 3. Bxf6 exf6 4. e3 d5 5. Bd3 Be6 6. Qf3 Qd7 7. Ne2 Bd6 8.
Nf4 Bxf4 9. Qxf4 O-O 10. Nc3 c6 11. Ne2 b5 12. h4 Na6 13. c3 Nc7 14. Ng3 g6 15.
Ne2 Ne8 16. a4 bxa4 17. Rxa4 c5 18. dxc5 Ng7 19. Ra6 Qb7 20. b4 Rfc8 21. O-O
Rc6 22. Rfa1 Bc8 23. Rxc6 Qxc6 24. Nd4 Qe8 25. Bb5 Bd7 26. c6 Bc8 27. Qd6 Qe5
28. Qd8+ Qe8 29. c7 1-0

[Event "Icelandic Team Championship 2019-21 - 1s"]
[Site "Reykjavik (round 1-5) and Self"]
[Date "2021.05.16"]
[Round "9.1"]
[White "Petursson, Gudni"]
[Black "Halldorsson, Jon Arni"]
[Result "1/2-1/2"]
[WhiteElo "2028"]
[BlackElo "2109"]
[PlyCount "72"]
[EventDate "2019.10.03"]
[WhiteTeam "Taflfélag Reykjavíkur b-sveit"]
[BlackTeam "Skákdeild Fjölnis"]

1. d4 d5 2. Nf3 Nf6 3. e3 c5 4. c4 cxd4 5. exd4 g6 6. Nc3 Bg7 7. cxd5 Nxd5 8.
Bc4 Nb6 9. Bb3 O-O 10. h3 Nc6 11. Be3 Na5 12. Bc2 Nac4 13. Bc1 Bd7 14. O-O Rc8
15. Re1 Bc6 16. Be4 Bxe4 17. Rxe4 Re8 18. Rh4 Nd6 19. Bg5 Nf5 20. Re4 Nc4 21.
Rb1 h6 22. Bf4 Nfd6 23. Bxd6 Nxd6 24. Re1 Qa5 25. Qb3 a6 26. Ne5 b5 27. Nxg6 e6
28. Ne5 Nc4 29. Nf3 Red8 30. Ne2 Rd7 31. Rbd1 Rcd8 32. Qc3 Qb6 33. b3 Nd6 34.
Ne5 Rc7 35. Qd3 Nf5 36. Nf3 Rcd7 1/2-1/2

[Event "Icelandic Team Championship 2019-21 - 1s"]
[Site "Reykjavik (round 1-5) and Self"]
[Date "2021.05.16"]
[Round "9.1"]
[White "Bjornsson, Tomas"]
[Black "Jonsson, Kristjan Dagur"]
[Result "1-0"]
[WhiteElo "2166"]
[BlackElo "1712"]
[PlyCount "59"]
[EventDate "2019.10.03"]
[WhiteTeam "Skákdeild Fjölnis"]
[BlackTeam "Taflfélag Reykjavíkur b-sveit"]

1. e4 c5 2. Nf3 e6 3. d4 cxd4 4. Nxd4 Nf6 5. Bd3 Nc6 6. Nxc6 bxc6 7. O-O d5 8.
Nd2 Bc5 9. Qf3 Qc7 10. c4 O-O 11. h3 a5 12. cxd5 cxd5 13. exd5 Bb7 14. Ne4 Nxe4
15. Qxe4 g6 16. Bh6 Bxd5 17. Qh4 Qe5 18. Bxf8 Kxf8 19. Bc4 Bc6 20. Rfe1 Qxb2
21. Rac1 Qb7 22. Qxh7 Bd4 23. Qh6+ Ke7 24. Qg5+ Bf6 25. Qc5+ Kd7 26. Red1+ Ke8
27. Bxe6 Bxg2 28. Bd7+ Qxd7 29. Rxd7 Kxd7 30. Kxg2 1-0

[Event "Icelandic Team Championship 2019-21 - 1s"]
[Site "Reykjavik (round 1-5) and Self"]
[Date "2021.05.16"]
[Round "9.1"]
[White "Skarphedinsson, Ingvar Wu"]
[Black "Thorsteinsson, Erlingur"]
[Result "0-1"]
[WhiteElo "1700"]
[BlackElo "2053"]
[PlyCount "90"]
[EventDate "2019.10.03"]
[WhiteTeam "Taflfélag Reykjavíkur b-sveit"]
[BlackTeam "Skákdeild Fjölnis"]

1. e4 e6 2. d4 d5 3. e5 Bd7 4. c3 a6 5. Nf3 Bb5 6. Bd3 Bxd3 7. Qxd3 c5 8. O-O
Nc6 9. Be3 cxd4 10. cxd4 Rc8 11. Nc3 Nge7 12. a3 Nf5 13. Rac1 Na5 14. Nd2 b5
15. b4 Nc4 16. Nxc4 bxc4 17. Qc2 Be7 18. Ne2 O-O 19. Ng3 Nxg3 20. hxg3 f6 21.
f4 a5 22. Rb1 axb4 23. axb4 Rb8 24. b5 f5 25. Rb2 Qb6 26. Ra1 Ra8 27. Ra4 Rfb8
28. Rxa8 Rxa8 29. g4 g6 30. gxf5 exf5 31. g4 fxg4 32. f5 Ra3 33. Qf2 gxf5 34.
Qxf5 Rxe3 35. Rf2 Qg6 36. Qf4 Re1+ 37. Rf1 Rxf1+ 38. Qxf1 Bd8 39. Qa1 Bb6 40.
Qa8+ Kg7 41. Qb7+ Kh6 42. Qxd5 Qb1+ 43. Kg2 Qc2+ 44. Kg3 Qd3+ 45. Kh4 Qh3# 0-1

[Event "Icelandic Team Championship 2019-21 - 1s"]
[Site "Reykjavik (round 1-5) and Self"]
[Date "2021.05.16"]
[Round "9.1"]
[White "Hauksson, Hordur Aron"]
[Black "Rezaei Heris, Hadi"]
[Result "0-1"]
[WhiteElo "1868"]
[BlackElo "1624"]
[PlyCount "122"]
[EventDate "2019.10.03"]
[WhiteTeam "Skákdeild Fjölnis"]
[BlackTeam "Taflfélag Reykjavíkur b-sveit"]

1. d4 d5 2. c4 c6 3. Nf3 Nf6 4. Nc3 g6 5. g3 Bg7 6. Bg2 O-O 7. O-O Ne4 8. Bf4
Bg4 9. Ne5 Nxc3 10. bxc3 Bxe5 11. Bxe5 f6 12. Bf4 g5 13. Bd2 dxc4 14. h3 Bh5
15. g4 Bf7 16. e4 Nd7 17. f4 e5 18. fxe5 fxe5 19. Rf5 h6 20. Qe2 Be6 21. Rff1
Nb6 22. Rxf8+ Qxf8 23. Rf1 Qd6 24. Be3 Rf8 25. Rd1 Bf7 26. dxe5 Qxe5 27. Bd4
Qe6 28. Qe3 Bg6 29. Bc5 Re8 30. Rd6 Qf7 31. Qd4 Qg7 32. Rf6 Bf7 33. Qf2 Nd7 34.
Bd4 Nxf6 35. Bxf6 Qg6 36. e5 Bd5 37. Bxd5+ cxd5 38. Qxa7 Qb1+ 39. Kg2 Qc2+ 40.
Kg1 Qd1+ 41. Kf2 Qd2+ 42. Kg1 Qe1+ 43. Kg2 Qe4+ 44. Kg1 d4 45. cxd4 c3 46. Qa4
Qc6 47. Qc2 Kf7 48. Qh7+ Ke6 49. d5+ Kxd5 50. Qd3+ Ke6 51. Qf5+ Kd5 52. Qd3+
Kc5 53. Qxc3+ Kb6 54. Qb4+ Qb5 55. Qd6+ Qc6 56. Kf2 Qxd6 57. exd6 Kc6 58. Be7
Ra8 59. Kf3 Rxa2 60. Ke4 Rh2 61. Ke5 Rxh3 0-1

[Event "Icelandic Team Championship 2019-21 - 1s"]
[Site "Reykjavik (round 1-5) and Self"]
[Date "2021.05.16"]
[Round "9.2"]
[White "Donchenko, Alexander"]
[Black "Runarsson, Gunnar"]
[Result "1-0"]
[WhiteElo "2660"]
[BlackElo "1946"]
[PlyCount "63"]
[EventDate "2019.10.03"]
[WhiteTeam "Skákfélag Selfoss og nágrennis"]
[BlackTeam "Víkingaklúbburinn b-sveit"]

1. d4 Nf6 2. c4 g6 3. g3 d5 4. cxd5 Nxd5 5. Bg2 Bg7 6. Nf3 O-O 7. O-O c6 8. e4
Nb6 9. h3 Be6 10. Nc3 Qd7 11. Kh2 Na6 12. Bg5 h6 13. Bf4 Rfd8 14. Qc1 Kh7 15.
Rd1 f6 16. b3 Bf7 17. Qb2 Qe8 18. Be3 Rac8 19. Rac1 c5 20. Qe2 c4 21. d5 cxb3
22. axb3 e6 23. dxe6 Bxe6 24. Nd4 Bf7 25. Ncb5 Rxc1 26. Rxc1 Nc8 27. h4 h5 28.
e5 fxe5 29. Nf3 Kh8 30. Ng5 b6 31. Rxc8 Bxb3 32. Nd6 1-0

[Event "Icelandic Team Championship 2019-21 - 1s"]
[Site "Reykjavik (round 1-5) and Self"]
[Date "2021.05.16"]
[Round "9.2"]
[White "Thorfinnsson, Bragi"]
[Black "Ingason, Sigurdur"]
[Result "1-0"]
[WhiteElo "2432"]
[BlackElo "1773"]
[PlyCount "53"]
[EventDate "2019.10.03"]
[WhiteTeam "Skákfélag Selfoss og nágrennis"]
[BlackTeam "Víkingaklúbburinn b-sveit"]

1. e4 e5 2. Nc3 Nf6 3. d4 d5 4. dxe5 Nxe4 5. Nxe4 dxe4 6. Qxd8+ Kxd8 7. Bg5+
Be7 8. O-O-O+ Ke8 9. Bf4 c6 10. Ne2 Bf5 11. Ng3 g5 12. Bd2 Bg6 13. Re1 Nd7 14.
Nxe4 Bxe4 15. Rxe4 Nc5 16. Re1 Rd8 17. g3 Kd7 18. Bh3+ Ne6 19. f4 gxf4 20. gxf4
Kc7 21. f5 Bg5 22. Bxg5 Nxg5 23. Bg2 h5 24. h4 Nh7 25. Bf3 Nf8 26. Rhg1 Rd4 27.
Rg7 1-0

[Event "Icelandic Team Championship 2019-21 - 1s"]
[Site "Reykjavik (round 1-5) and Self"]
[Date "2021.05.16"]
[Round "9.2"]
[White "Valgardsson, Gudjon Heidar"]
[Black "Lagerman, Robert"]
[Result "0-1"]
[WhiteElo "2028"]
[BlackElo "2298"]
[PlyCount "37"]
[EventDate "2019.10.03"]
[WhiteTeam "Víkingaklúbburinn b-sveit"]
[BlackTeam "Skákfélag Selfoss og nágrennis"]

1. c4 g6 2. Nc3 Bg7 3. g3 c5 4. Bg2 Nc6 5. e3 d6 6. Nge2 e5 7. h3 Nge7 8. O-O
O-O 9. a3 a5 10. Rb1 Rb8 11. Nd5 b5 12. cxb5 Rxb5 13. Nec3 Rb8 14. d3 Be6 15.
Qa4 Nxd5 16. Nxd5 Ne7 17. Nxe7+ Qxe7 18. Qxa5 Bb3 19. Qd2 0-1

[Event "Icelandic Team Championship 2019-21 - 1s"]
[Site "Reykjavik (round 1-5) and Self"]
[Date "2021.05.16"]
[Round "9.2"]
[White "Gudmundsson, Bjorgvin S"]
[Black "Thordarson, Sturla"]
[Result "1-0"]
[WhiteElo "1964"]
[BlackElo "1711"]
[PlyCount "63"]
[EventDate "2019.10.03"]
[WhiteTeam "Skákfélag Selfoss og nágrennis"]
[BlackTeam "Víkingaklúbburinn b-sveit"]

1. d4 Nf6 2. Nf3 g6 3. c4 Bg7 4. Nc3 O-O 5. g3 d6 6. Bg2 Nbd7 7. O-O e5 8. h3
h6 9. e4 c6 10. Be3 Kh7 11. Qc2 Qe7 12. Rfe1 Re8 13. Rad1 a5 14. b3 Ng8 15. Kh2
Nf8 16. Na4 Nd7 17. c5 exd4 18. cxd6 Qxd6 19. Nxd4 Qf6 20. f4 Qd8 21. e5 Qc7
22. Be4 Ne7 23. e6 fxe6 24. Nxe6 Qb8 25. Nxg7 Kxg7 26. Bd4+ Nf6 27. Bxg6 Bd7
28. Bxf6+ Kxf6 29. Rxd7 Nxg6 30. Qc3+ Ne5 31. fxe5+ Rxe5 32. Rxe5 1-0